| 000 | 01207cam a22003737a 4500 | ||
|---|---|---|---|
| 003 | CHAP | ||
| 005 | 20220817041000.0 | ||
| 008 | 971013s1990 r 00010 d | ||
| 010 | _a3944 | ||
| 011 | _a4916 | ||
| 035 | _a4121 | ||
| 040 | _cCHAP | ||
| 082 |
_a641.10913 _bF36Y |
||
| 110 | _aFAO | ||
| 245 | 0 |
_aUtilización de alimentos tropicales _b: frutos y hojas |
|
| 260 |
_aRoma : _bFAO, _c1990 |
||
| 300 |
_a68 p. _b: ilus |
||
| 490 | 0 |
_aFAO. Alimentación y nutrición _v; 47/7 |
|
| 590 |
_aBATCH-UPD _b10 _c20130110 _lUCH01 _h0231 |
||
| 590 |
_aBATCH-UPD _b10 _c20130110 _lUCH01 _h0836 |
||
| 590 |
_aBATCH-UPD _b10 _c20130409 _lUCH01 _h2254 |
||
| 590 |
_aBATCH-UPD _b10 _c20130410 _lUCH01 _h1312 |
||
| 590 |
_aBATCH-UPD _b10 _c20130914 _lUCH01 _h0117 |
||
| 590 |
_aCONVERSION _b10 _c20130109 _lUCH01 _h1303 |
||
| 650 | 1 | 4 |
_aAlimentos _xTrópicos. _94297 |
| 650 | 1 | 4 |
_aAlimentos _xValor nutritivo. _94298 |
| 650 | 1 | 4 |
_aFruticultura _xTrópicos. _943755 |
| 650 | 1 | 4 |
_aHojas como alimento. _955864 |
| 650 | 1 | 4 |
_aLegumbres _xTrópicos. _965792 |
| 830 | 0 |
_aFAO. Alimentación y nutrición _v; 47/7 _939449 |
|
| 901 | _aBK | ||
| 942 | _cLIBRO | ||
| 949 |
_a641.10913 F36Y _bBC _cFAO _d-13653 _eFAO1 _h79519 _i4121 _mD _si |
||
| 999 |
_c3944 _d3944 |
||